E-learning and the science of instruction: proven guidelines for consumers and designers of multimedia learning

Guardat en:
Dades bibliogràfiques
Autor principal: Clark, Ruth Colvin (Autor)
Altres autors: Mayer, Richard E. (autor)
Format: Llibre
Idioma:anglès
Publicat: San Francisco Pfeiffer 2011
Edició:3a. ed
Col·lecció:Esential Resources for Training and HR Professionals
Matèries:
Etiquetes: Afegir etiqueta
Sense etiquetes, Sigues el primer a etiquetar aquest registre!

MARC

LEADER 00000cam a2200000 a 4500
001 UCE3447
003 CL-VaPUC
008 140905e20110000us |||||||||||||||||eng|d
020 |a 9780470874301 
082 0 4 |a 371.334  |b CLA  |2 21 
100 0 |a Clark, Ruth Colvin  |e author  |9 575915 
700 |a Mayer, Richard E.  |e autor  |9 594243 
245 1 0 |a E-learning and the science of instruction: proven guidelines for consumers and designers of multimedia learning 
250 |a 3a. ed 
300 |a 502 p 
942 |c BK 
945 |d 20140905 00:55:00  |a arojas 
260 |a San Francisco  |b Pfeiffer  |c 2011 
650 0 |a Métodos de enseñanza  |9 270413 
650 7 |a INSTRUCCION Y ENSEÑANZA  |2 CL-VaPUC  |9 542398 
650 0 |a Planificación de la educación   |9 307333 
583 |a last modification  |c 20140905 04:03:40  |k Rodrigo Vera 
490 0 |a Esential Resources for Training and HR Professionals 
999 |c 356735  |d 356733 
952 |0 0  |1 0  |3 erd  |4 0  |6 371_334000000000000_CLA_2011  |7 0  |8 A  |9 464299  |a FDOPOS  |b FDOPOS  |i 5111331  |o 371.334 CLA 2011  |p 5111331  |r 2025-01-22  |w 2019-11-23  |y BK  |z Catalogado en:20140905  |k DLA